ბათუმის შოთა რუსთაველის სახელმწიფო უნივერსიტეტის ბიბლიოთეკა

Интегрирование. Векторное интегрирование мера Хара. Свертка и преставления (ბიბ.ჩანაწერი № 48119)

000 -LEADER
fixed length control field 00701nam a2200205Ia 4500
001 - CONTROL NUMBER
control field 15000
003 - CONTROL NUMBER IDENTIFIER
control field GE_BSU
008 - FIXED-LENGTH DATA ELEMENTS--GENERAL INFORMATION
fixed length control field 181216s||||||||xx |||||||||||||| ||und||
040 ## - CATALOGING SOURCE
Transcribing agency GE_BSU
080 ## - UNIVERSAL DECIMAL CLASSIFICATION NUMBER
Universal Decimal Classification number 517.3
100 ## - MAIN ENTRY--PERSONAL NAME
Personal name Бурбаки,Н.
245 ## - TITLE STATEMENT
Title Интегрирование. Векторное интегрирование мера Хара. Свертка и преставления
245 ## - TITLE STATEMENT
Statement of responsibility, etc. Под.ред.Д.А.Райкова и С.Б. Стечкина
260 ## - PUBLICATION, DISTRIBUTION, ETC.
Place of publication, distribution, etc. Москва
260 ## - PUBLICATION, DISTRIBUTION, ETC.
Name of publisher, distributor, etc. Наука
260 ## - PUBLICATION, DISTRIBUTION, ETC.
Date of publication, distribution, etc. 1970
300 ## - PHYSICAL DESCRIPTION
Extent 320стр.22см.
653 ## - INDEX TERM--UNCONTROLLED
Uncontrolled term Интегрирование. Векторное интегрирование мера Хара
942 ## - ADDED ENTRY ELEMENTS (KOHA)
Koha item type წიგნი
ეგზემპლარები
Withdrawn status Lost status Damaged status Not for loan Date acquired Barcode Date last seen Price effective from Koha item type
        2018-12-17 15158 2018-12-17 2018-12-17 წიგნი